000 00790nam a2200217 i 4500
001 146138
003 ES-MaACL
005 20250722183631.0
007 t|
008 070903m17911792sp |||| | spa d
100 1 _aTraggia, Joaquín.
_9111211
245 1 0 _aAparato a la Historia eclesiástica de Aragón /
_cJoaquín Traggia.
260 _aMadrid :
_b[s. n.],
_c1791-1792 (
_fImp. de Sancha)
300 _a2 v. con lám. pleg. ;
_c21 cm.
530 _aDisponible en formato digital.
651 4 _aAragón (Reino)-
_xHistoria eclesiástica.
_97793
700 1 _aSancha, Gabriel de,
_d1747-1820
_9163556
852 _aES-MaACL
_jR-1175-76
_x Olim: G-7134-5
856 _uhttp://bdh-rd.bne.es/viewer.vm?id=0000132343&page=1
_zBiblioteca Digital Hispánica
999 _c146138
_d146138